| 000 | 00713cam a2200181 4500500 | ||
|---|---|---|---|
| 005 | 20260111080202.0 | ||
| 041 | _afre | ||
| 042 | _adc | ||
| 100 | 1 | 0 |
_aPortal, Éric _eauthor |
| 245 | 0 | 0 | _aAutonomie sur les ressources et les dépenses des collectivités locales françaises : effets juridico-financiers différenciés des réformes votées depuis 2010 |
| 260 | _c2017. | ||
| 500 | _a34 | ||
| 690 | _aautonomie financière | ||
| 690 | _aautonomie fiscale | ||
| 690 | _afinances locales | ||
| 786 | 0 | _nGestion & Finances Publiques | 2 | 2 | 2017-01-30 | p. 57-63 | 1969-1009 | |
| 856 | 4 | 1 | _uhttps://droit.cairn.info/revue-gestion-et-finances-publiques-2017-2-page-57?lang=fr&redirect-ssocas=7080 |
| 999 |
_c1615991 _d1615991 |
||